Normal view
MARC view
Entry Personal Name
001 - CONTROL NUMBER
- control field: 17850
003 - CONTROL NUMBER IDENTIFIER
- control field: OSt
005 - DATE AND TIME OF LATEST TRANSACTION
- control field: 20200302142346.0
008 - FIXED-LENGTH DATA ELEMENTS
- fixed length control field: 200302|| aca||aabn | a|a d
040 ## - CATALOGING SOURCE
- Original cataloging agency: OSt
- Transcribing agency: OSt
100 ## - HEADING--PERSONAL NAME
- Personal name: Davis, Adam.
670 ## - SOURCE DATA FOUND
- Source citation: Work cat.: (OSt): Davis, Adam., Spiderman : a hot dog, a real dog, and an octopus /, 2017.